United States Wind Capacity per State Quiz Stats

 Plays Quiz not verified by Sporcle

Score 0/39 Timer 05:00
0 Plays Today
State % Correct
California
97.7%
Texas
95.5%
Washington
90.9%
Kansas
90.9%
New York
90.9%
Idaho
90.9%
Ohio
90.9%
New Mexico
88.6%
Arizona
88.6%
New Hampshire
88.6%
Iowa
86.4%
Illinois
86.4%
Oregon
86.4%
Oklahoma
86.4%
North Dakota
86.4%
Indiana
86.4%
Michigan
86.4%
South Dakota
86.4%
Wisconsin
86.4%
Maine
86.4%
State % Correct
Utah
86.4%
Hawaii
86.4%
Nevada
86.4%
Alaska
86.4%
Rhode Island
86.4%
Colorado
84.1%
Wyoming
81.8%
Montana
81.8%
Nebraska
81.8%
Maryland
81.8%
Vermont
81.8%
Massachusetts
81.8%
Tennessee
81.8%
New Jersey
81.8%
West Virginia
79.5%
Delaware
79.5%
Minnesota
77.3%
Missouri
75%
Pennsylvania
56.8%

You're not logged in!

Compare scores with friends on all Sporcle quizzes.
OR
Log In

You Might Also Like...

Show Comments

Extras

Top Quizzes Today


Score Distribution

Your Account Isn't Verified!

In order to create a playlist on Sporcle, you need to verify the email address you used during registration. Go to your Sporcle Settings to finish the process.

Report this User

Report this user for behavior that violates our Community Guidelines.

Details: